| 000 | nam a22 7a 4500 | ||
|---|---|---|---|
| 999 |
_c126524 _d126524 |
||
| 008 | 170724b xxu||||| |||| 00| 0 eng d | ||
| 050 | _aLB1027.5.H78 1971 | ||
| 100 |
_aHughes, Patrick M. _933469 |
||
| 245 |
_aGuidance and counselling in schools _bA response to change _c/ Patrick M. Hughes |
||
| 260 |
_aOxford _bPergamon Press _c1971 |
||
| 300 |
_avii, 241p. ; _c23cm. |
||
| 650 |
_aEducational counselling _xGreat Britain _933470 |
||
| 942 |
_2lcc _cMONOGRAPH |
||